zpět

Detail výsledku týmu

Na Pražci, Blansko

Datum a čas kvízu

21.5 Celkem bodů Celkový počet nahraných bodů na tomto kvízu bez doplňovacích otázek.
14. Pořadí na kvízu Konečné umístění týmu na tomto kvízu.

Zaznamenané odpovědi

# Otázka Odpověď Body Výsledky
1. Čím na sebe minulý týden upozo... netradičním představováním mluvčích na tiskovce 0
2. Po krátké době se opět ptáme n... Rishi Sunak 0
3. Do Prahy se po šesti letech vr... The Cure 0
4. Organizátoři pátečního protest... Ferdinand Vaněk 0
5. Jedna z hokejových legend vysl... Robert Reichel 0
6. Závěrem října se ve velké část... Samhain 0
7. Opomenout slavný horror Hallow... Michael Myers, John Carpenter 0
8. K svátku Halloween patří neodm... patizon, cuketa (cukína) 1
9. Svítilny, které se při oslavác... Jack-o'-lantern 0
10. Halloween rády slaví i celebri... Kim Kardashian (West) 1